Statistiques concernant les personnages one piece avec un D (spoiler)

Cliquez ici pour prendre le quiz!

Statistiques générales

  • Ce quiz a été pris 2 573 fois
  • Le résultat moyen est 8 sur 10

Statistiques - réponses

HintRéponse% Correct
porte un chapeau de pailleMonkey D Luffy
100%
est le chef des révolutionnairesMonkey D Dragon
98%
était le roi des piratesGol D Roger
96%
a refusé le poste d'amiralMonkey D Garp
95%
est le frère du protagonistePortgas D Ace
92%
elle a portée son fils pendant 20 mois dans son ventrePortgas D Rouge
85%
a ingurgité 2 fruits du démon (gura gura no mi/yami yami no mi)Marshall D Teach
82%
a un tatouage marqué DEATH sur ses doigtsTrafalgar D Water Law
80%
a combattu Garp et Roger sur l'île God ValleyRocks D Xebec
66%
était un géant et vice amiral de la marineJaguar D Saul
29%

Distribution des résultats

Percentile par nombre de réponses

% des personnes avec chaque résultat

Votre développement - résultats

Vous n’avez pas pris ce quiz